[Event "DEN-ch LH 2020"]
[Site "Svendborg"]
[Date "2020.10.17"]
[Round "9.1"]
[White "Ochsner, Bjorn Moller"]
[Black "Thybo, Jesper Sondergaard"]
[Result "1-0"]
[WhiteElo "2482"]
[BlackElo "2573"]
[Annotator "TA"]
[PlyCount "111"]
[EventDate "2020.10.09"]
[EventType "tourn"]
[EventCountry "DEN"]
[SourceTitle "playchess.com"]
[Source "ChessBase"]
[SourceQuality "1"]

{[%evp 13,111,25,45,35,40,37,33,30,36,28,35,41,47,0,112,104,101,102,101,47,88,88,94,88,82,81,81,68,73,72,119,124,119,125,124,125,138,124,145,125,148,111,100,95,85,74,79,81,155,137,144,151,197,200,293,280,293,287,293,293,292,281,281,272,272,256,254,221,669,550,2605,1697,29948,5133,8015,6545,6545,6199,29965,29966,29970,29972,29973,1647,29973,29974,29974,29975,29975,29976,29976,29977,29977,29978,29978,29979,29979,29980,29979,29980]} 1. e4 e5 2. Nf3 Nc6 3. Bb5 a6 4. Ba4 Nf6 5. O-O Bc5 6. c3 O-O 7. d4 Ba7 8. Bg5 {C78: Ruy Lopez: Archangelsk and Möller Defences.} h6 9. Bh4 $1 exd4 10. cxd4 {White is slightly better.} d6 11. Bxc6 bxc6 12. Nbd2 Re8 13. e5 {[#]} g5 $146 (13... dxe5 $1 $11 14. dxe5 g5) ({Predecessor:} 13... dxe5 14. dxe5 g5 15. Qc1 Nh5 16. Bg3 Be6 17. Re1 Qd5 18. Ne4 Bf5 19. Qc2 Re6 {0-1 (37) Ferreira,L (1887)-Nitschke,N (1968) ICCF email 2018}) 14. Nxg5 $1 $16 hxg5 15. Bxg5 dxe5 {[#] Strongly threatening ...e4.} 16. Qf3 ({White should try} 16. Ne4 $1 $16 {[%mdl 512]} Nxe4 17. Bxd8 Rxd8 18. Qh5 exd4 19. Qe5) 16... Qxd4 {White must now prevent ...Bg4.} 17. Bxf6 {Threatening mate with Qh5!} Qg4 18. Qxg4+ Bxg4 19. Rfe1 {Re4 is the strong threat.} Re6 20. Bxe5 Rae8 21. Nc4 Bh5 {Threatens to win with ...Bd4!} 22. Bc3 $1 Re2 23. Rxe2 Rxe2 24. Rf1 Bg6 25. Ne5 Be4 26. Ng4 Bd5 27. a3 Be6 28. Ne5 Bd5 29. h4 f5 30. Nf3 Bxf3 ({Black should play} 30... Kh7) 31. gxf3 {[%mdl 4096] Endgame KRB-KRB} Kh7 32. Kg2 Bb6 33. Kg3 Kg6 (33... Kh6 {was called for.} 34. Kf4 Bxf2) 34. Kf4 $18 Bxf2 {[#]} 35. h5+ $1 {[%mdl 512]} Kh6 (35... Kxh5 36. Kxf5) 36. Kxf5 c5 37. f4 Bd4 38. Rd1 Bxc3 39. bxc3 {KR-KR} Re3 40. Rc1 c4 $2 (40... Re8 41. a4 Re3) 41. Kf6 Kxh5 {If Black can now play ...Kg4 this consolidates a bit.} 42. f5 Kg4 43. Rf1 Kg3 44. Kf7 Kg2 {[#]} 45. Rf4 $1 {[%cal Rf4c4]} Rxc3 46. f6 Kg3 47. Rf5 Kg2 48. Kf8 (48. Ke7 $142 Re3+ 49. Kd7 Rd3+ 50. Kc8 c3 51. f7 c2 {[#]} 52. Rc5 $1 {[%mdl 512]} Rf3 53. Rxc2+ Kh1 54. Rxc7) 48... Rg3 49. f7 {White mates.} c3 50. Ke8 Re3+ 51. Kd8 Rd3+ 52. Kc8 ({Weaker is} 52. Kxc7 c2 $18) 52... c2 {[#]} 53. Rc5 $1 {[%mdl 512]} Rf3 54. Rxc2+ Kf1 55. Rxc7 Ke2 56. Kd8 {Av CentiPawn Loss W=-95/B=-129. Weighted=-113/-117} 1-0

[Event "DEN-ch LH 2020"]
[Site "Svendborg"]
[Date "2020.10.17"]
[Round "9.2"]
[White "Haubro, Martin"]
[Black "Rasmussen, Allan Stig"]
[Result "1/2-1/2"]
[WhiteElo "2423"]
[BlackElo "2559"]
[Annotator "TA"]
[PlyCount "89"]
[EventDate "2020.10.09"]
[EventType "tourn"]
[EventCountry "DEN"]
[SourceTitle "playchess.com"]
[Source "ChessBase"]
[SourceQuality "1"]

{[%evp 17,89,-1,0,-10,7,14,24,0,1,0,0,0,0,-6,0,-10,0,0,0,-6,10,0,0,0,0,-10,0,0,0,0,0,0,2,0,-7,-17,-16,-15,-17,-14,-12,-12,-8,-11,0,0,0,0,0,0,0,0,0,0,0,0,0,0,0,0,0,0,0,0,0,0,0,0,0,0,0,0,0,0]} 1. e4 c6 2. d4 d5 3. exd5 cxd5 4. Nf3 Nf6 5. c4 e6 6. Nc3 Bb4 7. cxd5 Nxd5 8. Qc2 Nc6 9. Bd3 Ba5 10. a3 {B14: Caro-Kann: Panov-Botvinnik Attack with 5...e6 and 5...g6.} h6 11. O-O O-O 12. Rd1 {White has an edge.} Bd7 {The position is equal.} 13. Nxd5 exd5 14. Ne5 Bb6 15. Nxc6 Bxc6 16. Be3 Rc8 {[#]} 17. Qd2 $146 ({Predecessor:} 17. Rac1 Qf6 18. Qd2 Bd7 19. Bb1 Bf5 20. Ba2 Qd6 21. Bf4 Qd7 22. Qb4 Be4 23. f3 {0-1 (47) Jerez Perez,A (2418)-Alonso Rosell,A (2559) Barcelona 2019}) 17... Qf6 18. Bc2 Bb5 19. Rac1 Rfe8 20. Bb1 Bc7 21. g3 Qf3 22. Re1 h5 23. Qd1 Qxd1 24. Rexd1 {And now Bf5 would win.} Bb6 25. Rxc8 Rxc8 26. Ba2 Be2 27. Rc1 Rxc1+ 28. Bxc1 $11 {[%mdl 4096] Endgame KBB-KBB} Bf3 29. Be3 {[#]} g5 $1 {[%mdl 512]} 30. Bb1 (30. Bxg5 Bxd4) 30... Be4 31. Bxe4 dxe4 32. Bxg5 Bxd4 {KB-KB} 33. b3 a6 34. Kg2 Kg7 35. f3 Kg6 36. Bf4 Kf5 37. Bb8 b5 38. h3 exf3+ 39. Kxf3 Bc5 40. a4 bxa4 41. bxa4 Ke6 42. Kf4 {White wants to play Kg5.} Be7 43. g4 hxg4 44. Kxg4 f5+ 45. Kf3 {An uneventful encounter. Av CentiPawn Loss W=-2/B=-1. Weighted=-2/-2} 1/2-1/2

[Event "DEN-ch LH 2020"]
[Site "Svendborg"]
[Date "2020.10.17"]
[Round "9.3"]
[White "Bjerre, Jonas Buhl"]
[Black "Andersen, Mads"]
[Result "1/2-1/2"]
[WhiteElo "2559"]
[BlackElo "2577"]
[Annotator "TA"]
[PlyCount "61"]
[EventDate "2020.10.09"]
[EventType "tourn"]
[EventCountry "DEN"]
[SourceTitle "playchess.com"]
[Source "ChessBase"]
[SourceQuality "1"]

{[%evp 9,61,4,12,6,3,20,11,10,9,6,6,9,15,7,12,12,39,32,28,11,10,9,9,9,9,8,11,10,13,0,15,5,15,15,18,9,17,17,17,17,22,22,22,22,22,22,22,0,0,0,14,0,0,0]} 1. d4 d5 2. c4 c6 3. Nf3 Nf6 4. g3 Bf5 5. Nc3 e6 6. Nh4 {D11: Slav Defence: 3 Nf3 sidelines and 3...Nf6 4 e3 Bg4.} dxc4 7. Nxf5 exf5 8. e3 Nbd7 9. Bxc4 {Threatens to win with Qb3!} Nb6 10. Bb3 Qd7 {[#]} 11. O-O $146 ({Predecessor:} 11. Qd3 Be7 12. Bd2 O-O 13. Rd1 Rfe8 14. O-O Bf8 15. f3 c5 16. Bc1 cxd4 17. exd4 {½-½ (75) Deac,B (2625)-Lazavik,D (2424) chess.com INT 2020}) 11... h5 12. Qf3 h4 (12... Nbd5 {looks sharper.} 13. h4 Be7 14. Bd2 O-O 15. Nxd5 cxd5 16. Rfc1 g6) 13. e4 hxg3 14. hxg3 fxe4 {The position is equal.} 15. Nxe4 Nxe4 16. Qxe4+ Be7 $1 17. Re1 {[#] Hoping for Bg5.} Kf8 18. Bf4 Bf6 19. Re2 g6 20. Be5 Qh3 21. Qg2 Qxg2+ 22. Kxg2 Kg7 23. Rae1 Rad8 24. Bxf6+ Kxf6 25. Re7 Rd7 26. Rxd7 Nxd7 27. Re3 {[#] And now Rf3+ would win.} Rf8 $1 28. Rf3+ Ke7 29. Re3+ Kf6 30. Rf3+ Ke7 31. Re3+ {Av CentiPawn Loss W=-3/B=-2. Weighted=-3/-3} 1/2-1/2

[Event "DEN-ch LH 2020"]
[Site "Svendborg"]
[Date "2020.10.17"]
[Round "9.4"]
[White "Brondt, Nicolai Kvist"]
[Black "Chatalbashev, Boris"]
[Result "0-1"]
[WhiteElo "2226"]
[BlackElo "2522"]
[Annotator "TA"]
[PlyCount "60"]
[EventDate "2020.10.09"]
[EventType "tourn"]
[EventCountry "DEN"]
[SourceTitle "playchess.com"]
[Source "ChessBase"]
[SourceQuality "1"]

{[%evp 10,60,31,28,21,24,26,24,28,23,21,20,30,12,47,38,42,36,52,43,47,37,29,0,0,0,0,0,33,23,33,28,32,22,33,0,0,0,0,-50,-62,-120,-129,-119,-88,-108,-71,-513,-475,-825,-822,-1337,-1334]} 1. d4 d5 2. c4 Nc6 3. Nf3 Bg4 4. Nc3 e6 5. cxd5 exd5 6. Bg5 Be7 {D07: Queen's Gambit: Chigorin Defence.} 7. Bxe7 Ngxe7 8. e3 O-O {White has an edge.} 9. Be2 Nc8 10. O-O Nb6 11. Na4 {[#]} Nc4 $146 ({Predecessor:} 11... Nxa4 12. Qxa4 Qd6 13. Rfc1 Bxf3 14. Bxf3 Nd8 15. b4 a6 16. Qa5 c6 17. Qb6 Qd7 {1-0 (41) Schmidt,B (2337)-Tennstedt,A (2177) Germany 2004}) 12. Nc5 b6 13. Nd3 a5 14. Qc2 Ne7 15. b3 Nd6 16. Nfe5 Bxe2 17. Qxe2 f6 18. Nf3 Qd7 19. a4 Rfe8 20. Rac1 Rac8 21. Rfd1 g5 22. g3 Kg7 23. h4 h6 24. hxg5 hxg5 25. Kg2 (25. Nd2 $15) 25... Qg4 $17 26. Rh1 Nef5 27. Rce1 ({Don't blunder} 27. Kg1 $2 Rh8 $19) 27... Re7 28. Ng1 $2 {[%mdl 8192] [#]} (28. Rh2 $17 {is tougher.}) 28... Qe4+ $19 {Black is clearly winning.} 29. f3 (29. Nf3 $142 Nxd4 30. exd4 Qxe2 31. Nc1 {[%mdl 64] Pin}) 29... Nxe3+ 30. Kf2 Qxd4 {Av CentiPawn Loss W=-65/B=-8. Weighted=-72/-10} 0-1

[Event "DEN-ch LH 2020"]
[Site "Svendborg"]
[Date "2020.10.17"]
[Round "9.5"]
[White "Fries-Nielsen, Jens Ove"]
[Black "Hansen, Sune Berg"]
[Result "1/2-1/2"]
[WhiteElo "2380"]
[BlackElo "2557"]
[Annotator "TA"]
[PlyCount "61"]
[EventDate "2020.10.09"]
[EventType "tourn"]
[EventCountry "DEN"]
[SourceTitle "playchess.com"]
[Source "ChessBase"]
[SourceQuality "1"]

{[%evp 9,61,27,32,-8,0,-14,3,-16,-18,-58,-25,-64,-18,-53,4,-30,-24,-48,-29,-22,-14,-73,0,0,0,0,0,-52,30,17,54,51,49,60,86,56,77,77,72,71,75,70,67,43,96,87,109,0,0,0,18,0,39,44]} 1. e4 c5 2. Nf3 d6 3. d4 cxd4 4. Nxd4 Nf6 5. Nc3 a6 6. b3 {B90: Sicilian Najdorf: Unusual White 6th moves, 6 Be3 Ng4 and 6 Be3 e5.} e5 7. Nde2 {[#]} Qc7 $146 ({Predecessor:} 7... b5 8. Bb2 Bb7 9. Ng3 Nbd7 10. Be2 Rc8 11. O-O h5 12. Bf3 g6 13. Re1 Qc7 {0-1 (46) Fries Nielsen,J (2415)-Teplyi,I (2433) Aarhus 2016}) 8. Bb2 {The position is equal.} b5 9. Ng3 Nbd7 (9... d5 $5 10. Nxd5 (10. exd5 Bb4 $11) 10... Nxd5 11. exd5 (11. Qxd5 Bb4+ 12. Kd1 Nc6 $17) 11... Bb4+ 12. Ke2 Nd7 $14) 10. a4 b4 (10... d5 $5 11. Nxd5 (11. exd5 Bb4 $15) 11... Nxd5 12. exd5 Bb4+ 13. Ke2 Nf6 14. axb5 {[#]} Nxd5 $1 {[%mdl 512]} 15. Qxd5 {[%mdl 64] Double Attack} Bg4+ 16. Ke3 O-O $19) 11. Na2 Qb7 (11... h5 $15) 12. Bc4 Nc5 13. O-O Be6 14. Bxe6 fxe6 15. f4 (15. f3 $11) 15... Ncxe4 ({Black should try} 15... h5 $17 {aiming for ...h4.} 16. Qf3 (16. fxe5 dxe5 17. Qf3 h4 $17) 16... exf4 17. Qxf4 h4) 16. Nxe4 $11 Qxe4 17. Qd2 a5 18. c4 (18. c3 $11) 18... bxc3 (18... Be7 $15) 19. Nxc3 Qd4+ 20. Qxd4 exd4 21. Nb5 {[#] Threatens to win with Nc7+.} Kd7 22. Bxd4 Be7 23. Rad1 Ra6 24. f5 Rc8 25. fxe6+ Kxe6 26. Rfe1+ Kd7 (26... Kf7 $14) 27. Rd3 Rac6 28. Na7 (28. Bc3 $16) 28... Rc1 29. Nxc8 Rxe1+ 30. Kf2 Rc1 31. Nxe7 {Av CentiPawn Loss W=-20/B=-21. Weighted=-29/-25} 1/2-1/2